Text book of organic medicinal and pharmaceutical chemistry (Record no. 28285)

MARC details
000 -LEADER
fixed length control field 00333nam a2200121Ia 4500
082 ## - DEWEY DECIMAL CLASSIFICATION NUMBER
Classification number 615.3
Item number WIL
245 #0 - TITLE STATEMENT
Title Text book of organic medicinal and pharmaceutical chemistry
250 ## - EDITION STATEMENT
Edition statement 7
260 ## - PUBLICATION, DISTRIBUTION, ETC. (IMPRINT)
Place of publication Philadelphia
Name of publisher J B Lippincott
Year of publication 1977
700 ## - ADDED ENTRY--PERSONAL NAME
Personal name Wilson, Charles O
942 ## - ADDED ENTRY ELEMENTS (KOHA)
Koha item type Books
Holdings
Withdrawn status Lost status Damaged status Not for loan Home library Current library Date acquired Cost, normal purchase price Full call number Accession Number Koha item type
        RRII Library RRII Library 16/12/2021 16.90 615.3 WIL 08889 Books